00601nam a22001937a 45000010005000000030009000050050017000140080041000310400038000720820024001102450061001342600044001953000022002395040041002615050012003026500043003147000022003577100028003799575BD-DhUAP20200217121753.0200217s1996 bg b 00| 0 eng d aBD-DhUAPcBD-DhUAPbEngdBD-DhUAP00223a348.5492046 BAN aBangladesh legal decisions /cedited by Gour Gopal Saha. aDhaka :bBangladesh Bar Council,c1996. avolumes ;c24 cm. aIncludes bibliographical references. aV. 16-- aLaw reports, digests, etczBangladesh. aSaha, Gour Gopal. aBangladesh Bar Council.